1025 1765 1325 1999 1295 1814 1872 1093 1332 1491 1402 1551 1657 1887 1229 1985 1122 1486 1868 1236 1788 1063 1226 1788 1594 1616 1112 1603 1565 1134 1296 1049 1868 1866 1019 1899 1151 1466 1118 1937 1533 1709 1720 1414 1801 1079 1667 1515 1664 1270 1482 1491 1130 1011 1210 1962 1501 1389 1981 1506 1350 1878 1715 1552 1773 1062 1991 1888 1510 1369 1848 1464 2000 1569 1655 1762 1660 1022 1032 1753 1397 1059 1368 1507 1846 1598 1206 1040 1914 1186 1684 1573 1588 1718 1170 1425 1286 1955 1431 BCNSPRNW ULIB Ver.6.0+V

เปลี่ยนเป็นภาษาไทย

Change to English
 แสดงรายละเอียดบรรณานุกรม
  กลับหน้าหลัก

Brief Record : Get Marc (ISO 2709) : E-mail record : QR code < ปิดหน้าต่าง
LEADER : 00000nam 2200000uu 4500
001    13399121216
003     ULIB
008    121109s2552||||th 000 0 tha d
020    ^a974999339X
050 04 ^aPL4158^bด164ท 2552
100 0  ^aดวงใจ ไทยอุบุญ
245 10 ^aทักษะการเขียนภาษาไทย /^cดวงใจ ไทยอุบุญ
250    ^aพิมพ์ครั้งที่ 4
260    ^aกรุงเทพฯ :^bสำนักพิมพ์แห่งจุฬาลงกรณ์มหาวิทยาลัย,^c2552
300    ^a304 หน้า ;^c21 ซม
505 2  ^aปัญหาการใช้ภาษาในการเขียน -- หลักการเขียนเบื้องต้น --การสะสมประสบการณ์เพื่อช่วยพัฒนาทักษะการเขียน -- การใช้โวหาร -- สำนวน สุภาษิต คำพังเพย -- การเขียนประเภทต่างๆ
650  7 ^aภาษาไทย^xการเขียน
650  7 ^aภาษาไทย^xการใช้ภาษา
710 2  ^aจุฬาลงกรณ์มหาวิทยาลัย.^bภาควิชาสารัตถศึกษา
945    ^p150^l0^i16615
995    ^aกัณชพร
999 ^a กัณชพร
รายการนี้ยังไม่มีแท็ก
คุณยังไม่ได้ล็อกอิน คุณสามารถมีกิจกรรมร่วมกับเว็บไซต์ได้ แต่ต้องล็อกอินก่อน ::
  ล็อกอิน

รายการสื่อสารสนเทศ

ลำดับที่ ประเภท เลขเรียก/บาร์โค้ด สถานที่ สถานะ
1. วิทยาศาสตร์การแพทย์ และสุขภาพ
วิทยาศาสตร์การแพทย์ และสุขภาพ
PL4158 ด164ท 2552  
  Barcode: 16615
ห้องสมุดวิทยาเขตสวรรค์ประชารักษ์
►หนังสือทั่วไป
บนชั้น

รายการใกล้เคียง
    ผู้แต่ง [ดวงใจ ไทยอุบุญ]

BibComment


ยังไม่เคยถูกคอมเมนท์

คอมเมนท์ทรัพยากรรายการนี้
  คอมเมนท์: ทักษะการเขียนภาษ..


 Copyright 2026. Bcnsprnw @Library